000 00280nam a22001217a 4500
008 181129b xxu||||| |||| 00| 0 eng d
041 _aeng
080 _a043.3
100 _a0
101 _aBTH-ARK
245 _aNdertesa Shoqerore "Galeri e Artit"
_cRushiti, D
942 _2udc
_cBK
999 _c52691
_d52691